00426nam a2200169Ia 45000030006000000050017000060080041000230400009000640410012000730820018000851000016001032450034001192600009001533000008001625050021001706500065001910Nust20170105110300.0161124s9999 xx 000 0 und d cIGIS aEnglish a628.1 22bSHA aU.M .Shamsi aArcGIS 9 Understanding ArcSDE c2005 a343 aGIS Applications aGIS Applications for Water Wastewater and Stormwater Systems